000 01419nam a2200361Ia 4500
001 ebr10224749
003 CaPaEBR
006 m u
007 cr cn|||||||||
008 970430s1999 enk sb 001 0 eng d
010 _z 97002549
020 _z9780304701681
020 _z9781847140722
020 _z0304701688 (hard cover)
040 _aCaPaEBR
_cCaPaEBR
035 _a(OCoLC)568446084
050 1 4 _aP98
_b.T38 1999eb
082 0 4 _a410/.285
_221
100 1 _aTeich, Elke,
_d1963-
245 1 0 _aSystemic functional grammar in natural language generation
_h[electronic resource] :
_blinguistic description and computational representation /
_cElke Teich.
260 _aLondon ;
_aNew York :
_bCassell,
_c1999.
300 _axv, 250 p.
490 1 _aCommunication in artificial intelligence
504 _aIncludes bibliographical references and index.
533 _aElectronic reproduction.
_bPalo Alto, Calif. :
_cebrary,
_d2009.
_nAvailable via World Wide Web.
_nAccess may be limited to ebrary affiliated libraries.
650 0 _aComputational linguistics.
650 0 _aSystemic grammar.
650 0 _aDependency grammar.
655 7 _aElectronic books.
_2local
710 2 _aebrary, Inc.
830 0 _aCommunication in artificial intelligence.
856 4 0 _uhttp://site.ebrary.com/lib/rucke/Doc?id=10224749
_zAn electronic book accessible through the World Wide Web; click to view
999 _c26441
_d26441